000 00799nmc a2200289 a 4500
003 AR-BaBNM
005 20251128203203.0
008 057019s1965 ||||||||||||||000 | spa||
040 _cAR-BaBNM
100 1 _aLarreta, Enrique
245 1 0 _aLas dos fundaciones de Buenos Aires
250 _a2ª ed.
260 _aBuenos Aires
_bKapelusz
_c1965
300 1 _axlvi, 125 p.
_bil.
490 0 _aGrandes obras de la literatura universal
_vv. 11
500 0 _aContiene estudio preliminar y resumen de la vida y obra del autor por María Hortensia Lacau
650 4 _aLITERATURA
650 4 _aPROSA
650 4 _aTEATRO
651 4 _aArgentina
653 0 _aNARRATIVA
653 0 _aPOETICA
655 _aLITERATURA
800 1 _aLacau, María Hortensia
942 _cBK
998 _cMARTIN
999 _c2293
_d2293